000 00698nam a2200217 i 4500
001 64654
003 ES-MaACL
005 20230906165200.0
007 t|
008 031230s1962 sp ||||1| spa d
110 2 _aMovimiento Nacional (España).
_bDelegación Nacional de Prensa, Propaganda y Radio.
_95783
245 1 3 _aLa forja del futuro, batallas de la paz.
260 _aMadrid :
_bEdiciones del Movimiento,
_c1962.
300 _a77 p. ;
_c21 cm.
490 1 _aNuevo horizonte
651 4 _aEspaña-
_xHistoria-
_y1939-1975, Dictadura.
_9167928
710 2 _aEdiciones del Movimiento.
_9171800
830 1 _aNuevo horizonte
_9181183
852 _aES-MaACL
_jC-24182
999 _c64654
_d64654